ბათუმის შოთა რუსთაველის სახელმწიფო უნივერსიტეტის ბიბლიოთეკა

მამულიშვილი / (ბიბ.ჩანაწერი № 34814)

000 -ლიდერი
ფიქსირებული სიგრძის საკონტროლო ველი 00776nam a2200217Ia 4500
001 - საკონტროლო ნომერი
საკონტროლო ველი 625
003 - საკონტროლო ნომრის იდენტიფიკატორი
საკონტროლო ველი GE_BSU
005 - ბოლო ოპერაციის თარიღი და დრო
საკონტროლო ველი 20190420191639.0
008 - ფიქსირებული სიგრძის მონაცემთა ელემენტები - ზოგადი ინფორმაცია
ფიქსირებული სიგრძის საკონტროლო ველი 181216s1994||||ge |||||||||||||| ||geo||
040 ## - კატალოგიზაციის წყარო
Transcribing agency GE_BSU
041 ## - ენის კოდი
Language code of text/sound track or separate title geo
080 ## - უნივერსალური ათობითი კლასიფიკაციის ინდექსი
Universal Decimal Classification number 316(479.22)(092) კ-43
100 ## - მთავარი ჩანაწერი - პიროვნების სახელი
Personal name კომახიძე, თ.
9 (RLIN) 300
245 ## - ცნობა სათაურის შესახებ
Title მამულიშვილი /
Statement of responsibility, etc თ. კომახიძე ; რედ. ზ.ფირხალაიშვილი.
264 ## - წარმოების, გამოცემის, დისტრიბუციის და სხვა ცნობები
გამოცემის, წარმოების, დისტრიბუციის... ადგილი ბათუმი :
გამოცემის, წარმოების, დისტრიბუციის... სახელწოდება აჭარა,
გამოცემის, წარმოების, დისტრიბუციის... თარიღი 1994
300 ## - ფიზიკური აღწერა
Extent 212 გვ.
653 ## - INDEX TERM--UNCONTROLLED
Uncontrolled term ქართველი საზოგადო მოღვაწეები
700 ## - ADDED ENTRY--PERSONAL NAME
Personal name ფირხალაიშვილი, ზ.
Relator term რედაქტორი
9 (RLIN) 301
942 ## - ADDED ENTRY ELEMENTS (KOHA)
Koha item type წიგნი
Source of classification or shelving scheme
ეგზემპლარები
ჩამოწერის სტატუსი დაკარგული ეგზემპლარის სტატუსი კლასიფიკაციის წყარო ან თაროზე გაწყობის სქემა დაზიანების სტატუსი არ გაიცემა მუდმივი მდებარეობა (დაცვის ადგილი) ამჟამინდელი ადგილსამყოფელი შეძენის თარიღი ღირებულება, შესყიდვის ნორმალური ფასი სრული შენახვის შიფრი შტრიხკოდი ბოლო ოპერაციის თარიღი ფასის ძალაში შესვლის თარიღი ეგზემპლარის სახეობა საჯარო შენიშვნა
          ბათუმის შოთა რუსთაველის სახელმწიფო უნივერსიტეტის მთავარი ბიბლიოთეკა ბათუმის შოთა რუსთაველის სახელმწიფო უნივერსიტეტის მთავარი ბიბლიოთეკა 2018-12-17 7.00 316(479.22)(092) კ-43 937 2018-12-17 2018-12-17 წიგნი 7 ლ.